[Event "Charleroi op"]
[Site "Charleroi"]
[Date "2011.08.05"]
[Round "8"]
[White "Marte, Sebastien"]
[Black "Remy, Joel"]
[Result "1-0"]
[WhiteElo "1970"]
[BlackElo "2089"]
[PlyCount "93"]
[EventDate "2011.07.30"]
[EventType "swiss"]
[EventRounds "9"]
[EventCountry "BEL"]
[SourceTitle "EXT 2012"]
[Source "ChessBase"]
[SourceDate "2011.11.24"]
[SourceVersion "1"]
[SourceVersionDate "2011.11.24"]
[SourceQuality "1"]

1. Nf3 Nf6 2. c4 e6 3. Nc3 c5 4. d4 cxd4 5. Nxd4 Be7 6. g3 0-0 7. Bg2 d6 8. 0-0 a6 9. b3 Qc7 10. Bb2 Nbd7 11. Rc1 Rb8 12. Qd2 Ne5 13. Nf3 Nxf3+ 14. Bxf3 Bd7 15. Ne4 Nxe4 16. Bxe4 f5 17. Bg2 e5 18. Rfd1 Bc6 19. Ba3 Rbd8 20. Bd5+ Kh8 21. Bb4 f4 22. Bxc6 Qxc6 23. Qd5 fxg3 24. hxg3 Qb6 25. Be1 h6 26. e3 Rf6 27. Ba5 Qa7 28. Bxd8 Bxd8 29. c5 Be7 30. cxd6 Bxd6 31. Rc8+ Bf8 32. Qxe5 Qb6 33. Rdd8 Qb4 34. Qc3 Qe7 35. Qc5 Qxc5 36. Rxc5 Kh7 37. Rc7 b6 38. Rdd7 Kg6 39. Kg2 Kf5 40. Rf7 a5 41. Rxf6+ gxf6 42. Kf3 Bc5 43. g4+ Kg6 44. Ke4 h5 45. gxh5+ Kxh5 46. Rxc5+ bxc5 47. Kf5 1-0

[Event "Charleroi op"]
[Site "Charleroi"]
[Date "2011.08.02"]
[Round "5"]
[White "De Villers, Mourad"]
[Black "Marte, Sebastien"]
[Result "1-0"]
[WhiteElo "2121"]
[BlackElo "1970"]
[PlyCount "49"]
[EventDate "2011.07.30"]
[EventType "swiss"]
[EventRounds "9"]
[EventCountry "BEL"]
[SourceTitle "EXT 2012"]
[Source "ChessBase"]
[SourceDate "2011.11.24"]
[SourceVersion "1"]
[SourceVersionDate "2011.11.24"]
[SourceQuality "1"]

1. c4 e6 2. g3 Nf6 3. Bg2 d5 4. Nf3 Be7 5. 0-0 0-0 6. d4 b6 7. Nc3 Bb7 8. cxd5 exd5 9. Ne5 Re8 10. Qb3 c5 11. dxc5 Bxc5 12. Bf4 Nc6 13. Nxc6 Bxc6 14. Rad1 Qd7 15. Nxd5 Nxd5 16. Bxd5 Rxe2 17. Qf3 Bxd5 18. Rxd5 Qe8 19. Be5 Rc2 20. Qe4 Rxb2 21. Qg4 Bxf2+ 22. Rxf2 Rb1+ 23. Kg2 g6 24. Qf3 Qe7 25. Rd7 1-0

[Event "Charleroi op"]
[Site "Charleroi"]
[Date "2010.08.01"]
[Round "2"]
[White "Rausis, Igors"]
[Black "Marte, Sebastien"]
[Result "1-0"]
[WhiteElo "2466"]
[BlackElo "1966"]
[PlyCount "65"]
[EventDate "2010.07.31"]
[EventType "swiss"]
[EventRounds "9"]
[EventCountry "BEL"]
[SourceTitle "CBM 137 Extra"]
[Source "ChessBase"]
[SourceDate "2010.09.01"]
[SourceVersion "1"]
[SourceVersionDate "2010.09.01"]
[SourceQuality "1"]

1. Nf3 Nf6 2. g3 c5 3. Bg2 Nc6 4. d4 cxd4 5. Nxd4 g6 6. 0-0 Bg7 7. c4 0-0 8. Nc3 Nxd4 9. Qxd4 d6 10. Qd3 a6 11. h3 Qc7 12. Bd2 Be6 13. b3 Rab8 14. Rac1 Rfc8 15. c5 Qd7 16. cxd6 Bf5 17. Qf3 exd6 18. g4 Be6 19. Bg5 Ne8 20. Rfd1 h5 21. gxh5 Rc5 22. Nd5 Bxd5 23. Rxd5 Rxc1+ 24. Bxc1 Nf6 25. hxg6 Nxd5 26. Qxd5 Qe6 27. gxf7+ Kxf7 28. Qd3 Ke7 29. Bg5+ Kd7 30. h4 Qe5 31. Qc4 d5 32. Bxd5 Rc8 33. Qg4+ 1-0

[Event "Hainaut-ch"]
[Site "Manage"]
[Date "2008.08.23"]
[Round "7.14"]
[White "Marte, Sebastien"]
[Black "Aouragh, Aziz"]
[Result "1-0"]
[WhiteElo "1914"]
[BlackElo "1487"]
[PlyCount "69"]
[EventDate "2008.08.23"]
[EventType "swiss"]
[EventRounds "9"]
[EventCountry "BEL"]
[SourceTitle "EXT 2024"]
[Source "ChessBase"]
[SourceDate "2023.10.10"]
[SourceVersion "1"]
[SourceVersionDate "2023.10.10"]
[SourceQuality "1"]

1. d4 d5 2. c4 Nf6 3. Nc3 e6 4. Nf3 c5 5. Bg5 Nbd7 6. cxd5 exd5 7. Nxd5 h6 8. Bxf6 Nxf6 9. Nc3 Qa5 10. e3 a6 11. a3 Bg4 12. dxc5 Bxc5 13. b4 Bxb4 14. axb4 Qxb4 15. Qa4+ Qxa4 16. Nxa4 0-0 17. Be2 Rfe8 18. h3 Bh5 19. Nd4 Bg6 20. 0-0 Rac8 21. Rac1 Nd5 22. Bf3 Bd3 23. Rfd1 Rxc1 24. Rxc1 Be4 25. Bxe4 Rxe4 26. Rc5 Nb4 27. Nb6 Re7 28. Nc4 g6 29. Nd6 Kg7 30. N6f5+ gxf5 31. Nxf5+ Kf6 32. Nxe7 Kxe7 33. Rc7+ Ke6 34. Rxb7 a5 35. Rb6+ 1-0

[Event "Hainaut-ch"]
[Site "Manage"]
[Date "2008.08.23"]
[Round "3.9"]
[White "Marte, Sebastien"]
[Black "Carella, Francesco"]
[Result "1-0"]
[WhiteElo "1914"]
[BlackElo "1625"]
[PlyCount "49"]
[EventDate "2008.08.23"]
[EventType "swiss"]
[EventRounds "9"]
[EventCountry "BEL"]
[SourceTitle "EXT 2024"]
[Source "ChessBase"]
[SourceDate "2023.10.10"]
[SourceVersion "1"]
[SourceVersionDate "2023.10.10"]
[SourceQuality "1"]

1. d4 Nf6 2. c4 e6 3. Nc3 d5 4. Bg5 c6 5. e3 Be7 6. Nf3 0-0 7. Qc2 h6 8. Bh4 Nbd7 9. Bd3 dxc4 10. Bxc4 b5 11. Bd3 Bb7 12. Qe2 a6 13. Bxf6 Nxf6 14. 0-0 c5 15. Rfd1 c4 16. Bc2 Qb6 17. e4 Rfd8 18. a4 b4 19. a5 Qc7 20. Na4 b3 21. Bb1 Rab8 22. Nc3 Rbc8 23. Ra4 Bf8 24. Ne5 Ne8 25. Rxc4 1-0

[Event "Hainaut-ch"]
[Site "Manage"]
[Date "2008.08.23"]
[Round "8.10"]
[White "Ooghe, Jean Marie"]
[Black "Marte, Sebastien"]
[Result "1/2-1/2"]
[WhiteElo "1800"]
[BlackElo "1914"]
[PlyCount "83"]
[EventDate "2008.08.23"]
[EventType "swiss"]
[EventRounds "9"]
[EventCountry "BEL"]
[SourceTitle "EXT 2024"]
[Source "ChessBase"]
[SourceDate "2023.10.10"]
[SourceVersion "1"]
[SourceVersionDate "2023.10.10"]
[SourceQuality "1"]

1. d4 d5 2. Nf3 Nf6 3. e3 e6 4. Bd3 c5 5. c3 Nc6 6. Nbd2 Qc7 7. 0-0 Bd6 8. Qe2 0-0 9. dxc5 Bxc5 10. e4 Rd8 11. e5 Nd7 12. Bxh7+ Kxh7 13. Ng5+ Kg8 14. Qh5 Nf8 15. Re1 b5 16. Ndf3 d4 17. Bf4 dxc3 18. bxc3 Bb7 19. Bg3 Na5 20. Rab1 a6 21. Ne4 Bxe4 22. Rxe4 Be7 23. h4 Nc4 24. Rg4 Nh7 25. Bf4 Rd5 26. Rg3 Rad8 27. Kh2 Nb6 28. Re1 Rc5 29. Re4 Rc4 30. Nd4 Nd5 31. Bd2 Bf8 32. Reg4 Kh8 33. Bg5 Re8 34. Bf6 Ndxf6 35. exf6 Rc5 36. Rg5 Rxg5 37. hxg5 Bd6 38. Nf3 Bxg3+ 39. fxg3 gxf6 40. gxf6 Rg8 41. Ne5 Re8 42. Qh6 1/2-1/2

[Event "Charleroi op 5th"]
[Site "Charleroi"]
[Date "2006.08.04"]
[Round "8"]
[White "Wantiez, Fabrice"]
[Black "Marte, Sebastien"]
[Result "1-0"]
[WhiteElo "2265"]
[BlackElo "1810"]
[PlyCount "47"]
[EventDate "2006.07.29"]
[EventType "swiss"]
[EventRounds "9"]
[EventCountry "BEL"]
[SourceTitle "CBM 113 Extra"]
[Source "ChessBase"]
[SourceDate "2006.09.14"]
[SourceVersion "1"]
[SourceVersionDate "2006.09.14"]
[SourceQuality "1"]

1. e4 c5 2. Nc3 Nc6 3. f4 e6 4. Nf3 a6 5. a4 Nge7 6. Bc4 Qc7 7. 0-0 g6 8. e5 Bg7 9. Ne4 0-0 10. d3 f6 11. exf6 Bxf6 12. Nxf6+ Rxf6 13. Qe1 d5 14. Ba2 Nf5 15. c3 b6 16. g4 Nd6 17. Qh4 Qg7 18. Bd2 Bd7 19. Rae1 Nf7 20. Qg3 Nd6 21. f5 Nxf5 22. gxf5 gxf5 23. Qxg7+ Kxg7 24. Bf4 1-0